Activos y pasivos intangibles (Registro nro. 4827)
[ vista simple ]
| 000 -LEADER | |
|---|---|
| fixed length control field | 01401 a2200229 4500 |
| 001 - CONTROL NUMBER | |
| control field | 49409 |
| 005 - DATE AND TIME OF LATEST TRANSACTION | |
| control field | 20260407155757.0 |
| 008 - FIXED-LENGTH DATA ELEMENTS--GENERAL INFORMATION | |
| fixed length control field | 260407a2017 arg spa d |
| 003 - CONTROL NUMBER IDENTIFIER | |
| control field | AR-UNSa-BCEJYS |
| 040 ## - CATALOGING SOURCE | |
| Original cataloging agency | AR-UNSa-BCEJYS |
| Language of cataloging | spa |
| Transcribing agency | AR-UNSa-BCEJYS |
| 080 ## - UNIVERSAL DECIMAL CLASSIFICATION NUMBER | |
| Universal Decimal Classification number | 657.42 |
| Common auxiliary subdivision | Cuentas de capital circulante<br/> |
| 020 ## - INTERNATIONAL STANDARD BOOK NUMBER | |
| International Standard Book Number | 978-987-716-075-8 |
| 041 ## - LANGUAGE CODE | |
| Language code of text/sound track or separate title | spa |
| 100 1# - MAIN ENTRY--PERSONAL NAME | |
| Personal name | Lang, Víctor Manuel |
| 245 10 - TITLE STATEMENT | |
| Title | Activos y pasivos intangibles |
| Name of part/section of a work | visibles e invisibles...pero reales en la contabilidad y los negocios |
| 264 #1 - PRODUCTION, PUBLICATION, DISTRIBUTION, MANUFACTURE, AND COPYRIGHT NOTICE | |
| Place of production, publication, distribution, manufacture | Buenos Aires : |
| Name of producer, publisher, distributor, manufacturer | Osmar D. Buyatti |
| Date of production, publication, distribution, manufacture, or copyright notice | 2017 |
| 300 ## - PHYSICAL DESCRIPTION | |
| Extent | 138 p. |
| Dimensions | 22 cm. |
| 505 ## - FORMATTED CONTENTS NOTE | |
| Formatted contents note | Parte I: INMATERIALES O INTNGIBLES. VISIBLES E INVISIBLES EN LA CONTABILIDAD: 1. Normas Contables Profesionales. Introducción - 2. Normas Contables Internacionales - 3. Normas Contables Argentinas - 4. Inmovilizado intangible. Casos prácticos - 5. Llave de negocio - - Parte II: INTANGIBLES O INMATERIALES. VISIBLES E INVISIBLES EN LOS NEGOCIOS: 1. Introducción - 2. El capital intelectual o intangible. Fundamentos teóricos del capital intelectual - 3. Los activos intangibles desde la perspectiva estratégica - 4. Los modelos de capital intelectual o intangible - 5. Los pasivos intangibles. La gestión empresaria. |
| 590 ## - LOCAL NOTE (RLIN) | |
| Local note | niveau_biblio:m niveau_hierar:0 |
| 856 41 - ELECTRONIC LOCATION AND ACCESS | |
| Uniform Resource Identifier | <a href="https://www.biblioeco.unsa.edu.ar/pmb/images/libros/L128075.jpg">https://www.biblioeco.unsa.edu.ar/pmb/images/libros/L128075.jpg</a> |
| Link text | Imagen de portada |
| Electronic format type | image/jpeg |
| 942 ## - ADDED ENTRY ELEMENTS (KOHA) | |
| Koha item type | |
| Withdrawn status | Lost status | Damaged status | Not for loan | Home library | Current library | Shelving location | Date acquired | Total checkouts | Full call number | Barcode | Date last seen | Price effective from | Koha item type | Public note |
|---|---|---|---|---|---|---|---|---|---|---|---|---|---|---|
| Biblioteca Prof. Eusebio Cleto del Rey | Biblioteca Prof. Eusebio Cleto del Rey | 07/04/2026 | 657.42 L269 | L128075 | 07/04/2026 | 07/04/2026 | Libro | |||||||
| Biblioteca Prof. Eusebio Cleto del Rey | Biblioteca Prof. Eusebio Cleto del Rey | 07/04/2026 | 657.42 L269 | L129112 | 07/04/2026 | 07/04/2026 | Libro | RESALTADO PÁG. 40, 45, 50, 72, 123, 131, 133 Y 134 - PÁG. 103 MANCHADA - CANTO MANCHADO |